1704 1763 1182 1885 1773 1201 1203 1615 1027 1098 1928 1542 1949 1439 1598 1551 1422 1320 1660 1392 1707 1951 1759 1735 1879 1021 1414 1518 1590 1522 1942 1489 1386 1969 1012 1479 1955 1630 1995 1500 1197 1680 1084 1975 1153 1862 1570 1460 1160 1001 1790 1893 1910 1458 1888 1777 1480 1696 1653 1238 1167 1903 1451 1693 1791 1785 1175 1325 1200 1989 1743 1173 1221 1786 1540 1681 1124 1445 1946 1187 1833 1317 1649 1093 1427 1939 1847 1391 1981 1942 1201 1227 1207 1902 1811 1889 1060 1652 1849 BCNSPRNW ULIB Ver.6.0+V

เปลี่ยนเป็นภาษาไทย

Change to English
 แสดงรายละเอียดบรรณานุกรม
  กลับหน้าหลัก

Brief Record : Get Marc (ISO 2709) : E-mail record : QR code < ปิดหน้าต่าง
LEADER : 00000nam 2200000uu 4500
001    13399113234
003     ULIB
008    111003s2549||||th 000 0 tha d
020    9746552155
050  4 QD31.2^bม156ป 2549
100 0  มนนภา เทพสุด
245 10 ปฏิบัติการเคมีทั่วไป =^bGeneral chemistry laboratory /^cมนนภา เทพสุด
246 31 General chemistry laboratory
250    พิมพ์ครั้งที่ 2
260    กรุงเทพฯ :^bศูนย์เทคโนโลยีทางการศึกษา มหาวิทยาลัยศรีปทุม,^c2549
300    viii, 325 หน้า :^bภาพประกอบ ;^c26 ซม.
650  4 เคมี
710 2  มหาวิทยาลัยศรีปทุม. ^bศูนย์เทคโนโลยีทางการศึกษา
945    ^p220^l0^i021676
945    ^p220^l0^i021677
995    ทศพร
999 ^a ทศพร
รายการนี้ยังไม่มีแท็ก
คุณยังไม่ได้ล็อกอิน คุณสามารถมีกิจกรรมร่วมกับเว็บไซต์ได้ แต่ต้องล็อกอินก่อน ::
  ล็อกอิน

รายการสื่อสารสนเทศ

ลำดับที่ ประเภท เลขเรียก/บาร์โค้ด สถานที่ สถานะ
- ไม่พบข้อมูล -

รายการใกล้เคียง
    ผู้แต่ง [มนนภา เทพสุด]

    หัวเรื่อง [เคมี]

BibComment


ยังไม่เคยถูกคอมเมนท์

คอมเมนท์ทรัพยากรรายการนี้
  คอมเมนท์: ปฏิบัติการเคมีทั่..


 Copyright 2026. Bcnsprnw @Library